| 000 | 00513nam a2200169 i 4500 | ||
|---|---|---|---|
| 001 | 141679 | ||
| 003 | ES-MaACL | ||
| 005 | 20230906200338.0 | ||
| 007 | t| | ||
| 008 | 070926s1908 fr ||||1| fre d | ||
| 100 | 1 |
_aVossler, Karl. _9115749 |
|
| 245 | 1 | 0 |
_aPositivismo e idealismo nella scienza del linguaggio / _cKarl Vossler ; traduzione dal tedesco Tommaso Gnoli. |
| 260 |
_aParis : _bGuis Laterza, _c1908. |
||
| 300 |
_a314 p. ; _c21 cm. |
||
| 700 | 1 |
_aGnoli, Tommaso. _957478 |
|
| 852 |
_aES-MaACL _jG-9146 |
||
| 999 |
_c141679 _d141679 |
||